00295nam a2200109Ia 4500008004100000041001200041100002100053245008300074260000600157650000600163700001600169221030s9999 xx 000 0 und d aEnglish aA. S. Tanenbbaum 0aDistributed Systems : Principles & Paradigmscby A. S. Tanenbbaum, M. V. Steen c0 aB aM. V. Steen